El Imperio perdido /

Guardat en:
Dades bibliogràfiques
Autor principal: Pérez Gay, José María (autor)
Format: Llibre
Idioma:espanyol
Publicat: México : Cal y Arena, 1991, c1991
Etiquetes: Afegir etiqueta
Sense etiquetes, Sigues el primer a etiquetar aquest registre!

MARC

LEADER 00000nam^a2200000^a^4500
001 000581604
005 20250521000000.0
009 20260310132612.973
020 |a 968-493-223-5 
037 |a Acervo ITESO - Biblioteca 
041 |a ESP 
091 |a FLG. 01140 
100 |a Pérez Gay, José María  |e (autor) 
245 1 3 |a El Imperio perdido / 
264 4 |a México :  |b Cal y Arena,  |c 1991, c1991 
300 |a 352 p. 
336 |a texto  |b txt  |2 rdacontenido 
337 |a sin mediación  |b n  |2 rdamedio 
338 |a volumen  |b nc  |2 rdasoporte 
649 |a XX 
910 |a Fondo Luis González de Alba 
920 |a Impresos - Libros 
930 |a Fondos Especiales 
940 |a Literatura 
905 |a 141 
901 |a 0500397510  |b IT2  |c ESP  |i D101797  |u 20250521 
902 |a https://opac.biblio.iteso.mx/vufind/Record/000581604